000
00262nam a22001217a 4500
082
_a
891.43930
100
_a
Tariq Ismaeel Saagar
245
_a
JASOOS KESE BANTA HAY
260
_a
Lahore,
_b
Sky,
_c
2005.
300
_a
440p. :
500
_a
Hardcover.
942
_c
BK
999
_c
32553
_d
32553